Statystyki dla Skoczkowie powołani na MŚ w XXI wieku

Kliknij tutaj aby rozwiązać quiz!

Ogólne statystyki

  • Ten quiz został rozwiązany 17 razy
  • Średni wynik to 154 z 392

Statystyki odpowiedzi

ReprezentacjaLataZawodnik% Poprawnych
Polska2013-2023Dawid Kubacki
86%
Polska2005-2023Kamil Stoch
86%
Polska2009, 2013, 2017Maciej Kot
86%
Polska2007, 2011-2023Piotr Żyła
86%
Polska2001-2011Adam Małysz
79%
Austria2011, 2013, 2017-2023Manuel Fettner
79%
Austria2013-2023Stefan Kraft
79%
Bułgaria2009-2023Vladimir Zografski
79%
Polska2015, 2023Aleksander Zniszczoł
71%
Polska2021Andrzej Stękała
71%
Finlandia2017-2023Antti Aalto
71%
Słowenia2017, 2021Cene Prevc
71%
Słowenia2017, 2021, 2023Domen Prevc
71%
Norwegia2019-2023Halvor Egner Granerud
71%
Austria2019-2023Jan Horl
71%
Polska2015, 2017Jan Ziobro
71%
Japonia2015, 2019-2023Junshiro Kobayashi
71%
Japonia2001-2017Noriaki Kasai
71%
Polska2023Paweł Wąsek
71%
Słowenia2011-2023Peter Prevc
71%
Czechy2007-2019, 2023Roman Koudelka
71%
Japonia2017-2023Ryoyu Kobayashi
71%
Polska2007-2013, 2017, 2019Stefan Hula
71%
Austria2003, 2007, 2011-2017Andreas Kofler
64%
Niemcy2021, 2023Constantin Schmid
64%
Japonia2005-2019Daiki Ito
64%
Włochy2011-2017Davide Bresadola
64%
Włochy2021, 2023Giovanni Bresadola
64%
Czechy2001, 2003, 2007-2017Jakub Janda
64%
Finlandia2001-2007, 2011, 2015, 2017Janne Ahonen
64%
Japonia2021Keiichi Sato
64%
Japonia2007Kenshiro Ito
64%
USA2017, 2019Kevin Bickner
64%
Kanada2019, 2021Matthew Soukup
64%
Finlandia2019Mico Ahonen
64%
Finlandia2021, 2023Niko Kytosaho
64%
Niemcy2011-2019Richard Freitag
64%
Szwajcaria2003-2023Simon Ammann
64%
Japonia2011-2015Taku Takeuchi
64%
Japonia2019-2023Yukiya Sato
64%
Włochy2017-2023Alex Insam
57%
Niemcy2013Andreas Wank
57%
Niemcy2013-2019, 2023Andreas Wellinger
57%
Rosja2001Anton Kalinichenko
57%
Słowenia2017-2023Anze Lanisek
57%
Estonia2017-2023Artti Aigro
57%
Rumunia2021, 2023Daniel Andrei Cacina
57%
Norwegia2017, 2021, 2023Daniel Andre Tande
57%
Norwegia2005Daniel Forfang
57%
Austria2019, 2021Daniel Huber
57%
Austria2023Daniel Tschofenig
57%
USA2021, 2023Decker Dean
57%
Włochy2011, 2013Diego Dellasega
57%
Finlandia2019-2023Eetu Nousiainen
57%
USA2021, 2023Erik Belshaw
57%
Rosja2015-2021Evgeniy Klimov
57%
Szwajcaria2013-2023Gregor Deschwanden
57%
Finlandia2007, 2009, 2015Harri Olli
57%
Korea Płd.2001-2007, 2011, 2015Hueng-chul Choi
57%
Polska2019, 2021Jakub Wolny
57%
Norwegia2015-2023Johann Andre Forfang
57%
Niemcy2017-2023Karl Geiger
57%
Estonia2019-2023Kevin Maltsev
57%
Szwajcaria2013-2019, 2023Killian Peier
57%
Polska2015, 2021Klemens Murańka
57%
Polska2009Łukasz Rutkowski
57%
Kanada2009, 2011, 2017-2023Mackenzie Boyd-Clowes
57%
Niemcy2015-2023Markus Eisenbichler
57%
Polska2005Mateusz Rutkowski
57%
Rosja2021Mikhail Nazarov
57%
Japonia2019-2023Naoki Nakamura
57%
Szwajcaria2013Pascal Kalin
57%
Niemcy2021Pius Paschke
57%
Chiny2023Qiwu Song
57%
Japonia2023Ren Nikaido
57%
Norwegia2017-2023Robert Johansson
57%
Słowenia2003-2013Robert Kranjec
57%
Włochy2009, 2013, 2015Roberto Dellasega
57%
Kazachstan2013, 2015, 2019-2023Sabirzhan Muminov
57%
Korea Płd.2005, 2007, 2013, 2015Seou Choi
57%
USA2023Tate Frantz
57%
Austria2003-2013Thomas Morgenstern
57%
Słowenia2019, 2023Timi Zajc
57%
Polska2003Tomisław Tajner
57%
Finlandia2009, 2013-2017Ville Larinto
57%
Ukraina2015-2019, 2023Vitaliy Kalinichenko
57%
Ukraina2019, 2023Yevhen Marusiak
57%
Norwegia2007-2015Anders Bardal
50%
Włochy2005-2013Andrea Morassi
50%
Austria2001Andreas Goldberger
50%
Norwegia2013, 2017, 2019Andreas Stjernen
50%
Rumunia2021, 2023Andrei Feldorean
50%
Finlandia2011, 2013Anssi Koivuranta
50%
Norwegia2001-2005, 2011Bjorn Einar Romoren
50%
Czechy2011Borek Sedlak
50%
USA2017-2023Casey Larson
50%
Chiny2019Chao Li
50%
Chiny2005Chengbo Li
50%
Kazachstan2021, 2023Danil Vassilyev
50%
Rosja2001-2019Dimitriy Vassiliev
50%
Francja2001, 2005, 2009, 2011Emmanuel Chedal
50%
Turcja2017, 2023Fatih Arda Ipcioglu
50%
Włochy2015Federico Cecon
50%
Czechy2019, 2021Filip Sakala
50%
Włochy2021, 2023Francesco Cecon
50%
Austria2007-2017Gregor Schlierenzauer
50%
Czechy2001Jakub Hlava
50%
Polska2023Jan Habdas
50%
Czechy2003-2007, 2011-2017Jan Matura
50%
Finlandia2015-2021Jarkko Maatta
50%
Czechy2001Jaroslav Sakala
50%
Słowenia2005-2011, 2015-2019Jernej Damjan
50%
Finlandia2001, 2005Jussi Hautamaki
50%
Estonia2013, 2017Kaarel Nurmsalu
50%
Japonia2001, 2003Kazuyoshi Funaki
50%
Japonia2015, 2017Kento Sakuyama
50%
Norwegia2023Kristoffer Eriksen Sundal
50%
Polska2013Krzysztof Miętus
50%
Słowenia2023Lovro Kos
50%
Szwajcaria2015, 2019Luca Egloff
50%
Czechy2003, 2005, 2009-2019Lukas Hlava
50%
Austria2015Manuel Poppinger
50%
Kazachstan2015Marat Zhaparov
50%
Niemcy2015Marinus Kraus
50%
Niemcy2001, 2003, 2007-2011Martin Schmitt
50%
Estonia2013-2019Martti Nomme
50%
Finlandia2001-2011Matti Hautamaki
50%
USA2015, 2017Michael Glasder
50%
Austria2015-2023Michael Haybock
50%
Rumunia2021, 2023Mihnea Alexandru Spulber
50%
Rosja2015Mikhail Maksimochkin
50%
Szwajcaria2011Pascal Egloff
50%
Rosja2009, 2011Pavel Karelin
50%
Niemcy2023Philipp Raimund
50%
Kazachstan2001-2015Radik Zhaparov
50%
Polska2001-2007Robert Mateja
50%
Włochy2001, 2003Roberto Cecon
50%
Włochy2005-2019Sebastian Colloredo
50%
Kazachstan2015, 2019-2023Sergey Tkachenko
50%
Niemcy2011-2015, 2021Severin Freund
50%
Japonia2007-2011Shohei Tochimoto
50%
Japonia2001, 2005-2009Takanobu Okabe
50%
Czechy2017, 2019Tomas Vancura
50%
Finlandia2023Vilho Palosaari
50%
Austria2001, 2005-2013Wolfgang Loitzl
50%
Chiny2005Yang Li
50%
Kazachstan2007-2013, 2017Alexey Korolev
43%
Norwegia2015, 2017Anders Fannemel
43%
Norwegia2007-2015Anders Jacobsen
43%
Austria2001-2005Andreas Widholzl
43%
USA2019-2023Andrew Urlaub
43%
Czechy2005, 2007, 2013Antonin Hajek
43%
Słowenia2019Anze Semenić
43%
Finlandia2003, 2007Arttu Lappi
43%
Finlandia2021Arttu Pohjola
43%
Słowenia2021Bor Pavlovcić
43%
Szwecja2011-2015Carl Nordin
43%
Rosja2021Danil Sadreev
43%
Rosja2005-2021Denis Kornilov
43%
Szwajcaria2021, 2023Dominik Peter
43%
Korea Płd.2001-2005, 2011, 2015Hyun-ki Kim
43%
Rosja2021Ilya Mankov
43%
Czechy2003, 2005Jan Mazoch
43%
Finlandia2007Janne Happonen
43%
Norwegia2009, 2011Johan Remen Evensen
43%
Francja2019Jonathan Learoyd
43%
Słowenia2011-2017Jurij Tepes
43%
Finlandia2023Kalle Heikkinen
43%
Finlandia2009Kalle Keituri
43%
Kazachstan2013Konstantin Sokolenko
43%
Finlandia2013-2017Lauri Asikainen
43%
Białoruś2005, 2007Maksim Anisimov
43%
Polska2001-2005Marcin Bachleda
43%
Norwegia2021, 2023Marius Lindvik
43%
Austria2007-2011Martin Koch
43%
Japonia2001Masahiko Harada
43%
Niemcy2005, 2009-2015Michael Neumayer
43%
Turcja2023Muhammed Ali Bedir
43%
USA2015Nicholas Alexander
43%
USA2009Nicholas Fairall
43%
Francja2009, 2011Nicolas Mayer
43%
Grecja2013, 2015Nico Polychronidis
43%
Finlandia2011Olli Muotka
43%
Białoruś2005, 2007Petr Chaadayev
43%
Austria2019, 2021Philipp Aschenwald
43%
Słowenia2003, 2005, 2009Primoz Peterka
43%
Czechy2023Radek Rydl
43%
Szwajcaria2023Remo Imhof
43%
Japonia2013Reruhi Shimizu
43%
Finlandia2001, 2005Risto Jussilainen
43%
Norwegia2001-2009Roar Ljokelsoy
43%
Rosja2011, 2017, 2019Roman Sergeevich Trofimov
43%
Francja2013, 2015Ronan Lamy Chappuis
43%
Norwegia2013, 2015Rune Velta
43%
Finlandia2013Sami Heiskanen
43%
Austria2001Stefan Horngacher
43%
Niemcy2017, 2019Stephan Leyhe
43%
Niemcy2001, 2003Sven Hannawald
43%
Finlandia2003-2007Tami Kiuru
43%
Norwegia2019Thomas Aasen Markeng
43%
Austria2015Thomas Diethart
43%
Polska2011Tomasz Byrt
43%
Słowacja2009-2013Tomas Zmoray
43%
Norwegia2007-2013, 2017Tom Hilde
43%
Francja2007-2017Vincent Descombes Sevoie
43%
Ukraina2003-2011Vitaliy Shumbarets
43%
Czechy2021Vojtech Stursa
43%
Chiny2023Weijie Zhen
43%
USA2015, 2017William Rhoads
43%
Polska2001Wojciech Skupień
43%
Słowenia2019-2023Ziga Jelar
43%
Japonia2003, 2005Akira Higashi
36%
USA2001, 2003, 2007Alan Alborn
36%
Francja2009Alexandre Mabboux
36%
Rosja2013, 2017Alexey Romashov
36%
Kazachstan2009Anatoliy Karpenko
36%
Norwegia2021Anders Haare
36%
USA2009, 2013Anders Johnson
36%
Finlandia2019Andreas Alamommo
36%
Szwecja2009Andreas Aren
36%
Szwajcaria2001-2011Andreas Kuttel
36%
Szwajcaria2017, 2021 | 2019Andreas Schuler
36%
Czechy2009, 2013, 2019, 2021Cestmir Kozisek
36%
Korea Płd.2003, 2005, 2015Chil-ku Kang
36%
USA2001-2007Clint Jones
36%
Słowenia2001, 2003Damjan Fras
36%
Francja2005-2009David Lazzaroni
36%
Kirgistan2001, 2003Dimitriy Chvykov
36%
Rosja2005-2009Dimitriy Ipatov
36%
Niemcy2009Felix Schoft
36%
Austria2003, 2005Florian Liegl
36%
Szwecja2011Fredrik Balkasen
36%
Szwajcaria2015, 2017Gabriel Karlen
36%
Niemcy2003, 2005Georg Spath
36%
Szwajcaria2007Guido Landert
36%
Norwegia2001Henning Stensrud
36%
Japonia2001-2005Hideharu Miyahira
36%
Rosja2001, 2005, 2007Ildar Fatchullin
36%
Rosja2015Ilmir Hazetdinov
36%
Rosja2003, 2007-2013Ilya Rosliakov
36%
Holandia2001, 2003Ingemar Mayr
36%
Estonia2001, 2003Jaan Juris
36%
Słowenia2013Jaka Hvala
36%
Finlandia2001Jani Soininen
36%
Estonia2003-2007Jens Salumae
36%
Szwecja2005, 2009, 2015Johan Erikson
36%
Norwegia2003, 2005Lars Bystol
36%
Szwajcaria2011, 2013Marco Grigoli
36%
Austria2017Markus Schiffner
36%
Czechy2009Martin Cikl
36%
Austria2001-2005Martin Hollwarth
36%
Słowacja2001-2007Martin Mesik
36%
Niemcy2003Maximilian Mechler
36%
Szwajcaria2005, 2007Michael Mollinger
36%
Niemcy2001-2011Michael Uhrmann
36%
Czechy2001, 2003Michal Dolezal
36%
Słowenia2009, 2011Mitja Meznar
36%
Słowenia2015Nejc Dezman
36%
Francja2001-2005Nicolas Dessum
36%
Kazachstan2005-2011, 2017Nikolay Karpenko
36%
Czechy2007, 2009Ondrej Vaculik
36%
Niemcy2011Pascal Bodmer
36%
USA2019Patrick Gasienica
36%
USA2011, 2013Peter Frenette
36%
Słowenia2001-2007Peter Zonta
36%
Słowenia2003-2007Rok Benković
36%
Estonia2011, 2015Siim-Tanel Sammelselg
36%
Rumunia2017Sorin Iulian Pitea
36%
Kanada2005-2009Stefan Read
36%
Niemcy2005-2009Stephan Hocke
36%
Norwegia2001, 2003Tommy Ingebrigtsen
36%
Rosja2003Valeriy Kobelev
36%
Finlandia2003Veli-Matti Lindstrom
36%
Czechy2015-2021Viktor Polasek
36%
Finlandia2001Ville Kantee
36%
Rosja2015Vladislav Boyarintsev
36%
Ukraina2003-2011Volodymyr Boschuk
36%
Chiny2005Zhandong Tian
36%
Rosja2013Aleksandr Sardyko
29%
Włochy2003, 2005Alessio Bolognani
29%
Niemcy2001Alexander Herr
29%
Gruzja2017Artur Sarkisiani
29%
Szwecja2015Christian Inngjerdingen
29%
Holandia2003Christoph Kreuzer
29%
Włochy2015Daniele Varesco
29%
Włochy2021Daniel Moroder
29%
Japonia2007-2011Fumihisa Yumoto
29%
Słowenia2001, 2003Igor Medved
29%
Kazachstan2005-2009Ivan Karaulov
29%
Niemcy2005, 2007Jorg Ritzerfeld
29%
Rosja2005Jure Bogataj
29%
Japonia2001Kazuya Yoshioka
29%
Austria2007Mario Innauer
29%
Austria2009Markus Eggenhofer
29%
Niemcy2021Martin Hamann
29%
Słowenia2013, 2015Matjaz Pungertar
29%
Kazachstan2019-2023Nikita Devyatkin
29%
Kazachstan2019, 2021Nurshat Tursunzhanov
29%
Norwegia2015Philip Sjoen
29%
Słowenia2007Primoz Pikl
29%
Polska2009Rafał Śliż
29%
Słowenia2009Robert Hrgota
29%
Słowenia2007Rok Urbanc
29%
Norwegia2003-2007Sigurd Pettersen
29%
Kazachstan2023Svyatoslav Nazarenko
29%
Szwajcaria2001, 2003Sylvain Freiholz
29%
Niemcy2007Tobias Bogner
29%
Polska2001, 2003Tomasz Pochwała
29%
Japonia2013Yuta Watase
29%
Włochy2009Alessio De Crignis
21%
Ukraina2019, 2021Andrii Vaskul
21%
Ukraina2021Anton Korchuk
21%
Kazachstan2005, 2007Asan Tachtachunov
21%
Austria2003Christian Nagiller
21%
Niemcy2003Christof Duffner
21%
Węgry2019Florian Molnar
21%
Chiny2019Guang Yang
21%
Estonia2009, 2011Illimar Parn
21%
Kazachstan2017Ilya Kratov
21%
Kanada2017Joshua Maurer
21%
Finlandia2009Juha-Matti Ruuskanen
21%
Słowenia2001Jure Radelj
21%
Rumunia2017, 2021, 2023Nicolae Sorin Mitrofan
21%
Ukraina2003-2011Oleksandr Lazarovich
21%
Francja2017Paul Brasme
21%
Słowenia2001Primoz Urh-Zupan
21%
Włochy2003, 2005Stefano Chiapolino
21%
Rumunia2009Szilveszter Kozma
21%
Kanada2007Trevor Morrice
21%
Kazachstan2011Yevgeniy Levkin
21%
Węgry2013Akos Szilagyi
14%
Białoruś2003Aleksandr Dziadziula
14%
Rosja2003Alexey Silaev
14%
Niemcy2001Frank Loffler
14%
Kazachstan2019Gleb Safonov
14%
Kanada2005, 2007Gregory Baxter
14%
Rumunia2019Hunor Farkas
14%
Chiny2005Jianxun Wang
14%
Szwecja2001Johan Munters
14%
Łotwa2013-2017Kristaps Nezhborts
14%
Szwecja2001, 2003Kristoffer Jaffs
14%
Rosja2017, 2019Maksim Sergeev
14%
Szwajcaria2001-2005Marco Steinauer
14%
Szwajcaria2001Marc Vogel
14%
Słowacja2013Patrik Lichy
14%
Bułgaria2009Petar Fartunov
14%
Rumunia2019Radu Pacurar
14%
Kazachstan2017Roman Nogin
14%
Kazachstan2001, 2003Stanislav Filimonov
14%
Japonia2003Teppei Takano
14%
Szwecja2013Alexander Mitz
7%
Rumunia2005Andrei Balazs
7%
Bułgaria2003Georgi Zharkov
7%
Włochy2003Giancarlo Adami
7%
Estonia2001Jouko Hein
7%
Niemcy2007Kevin Horlacher
7%
Włochy2003, 2005Marco Beltrame
7%
Holandia2001Niels de Groot
7%
Norwegia2001Olav Magne Donem
7%
Kazachstan2001, 2003Pavel Gaiduk
7%
Rumunia2009-2013Remus Tudor
7%
Szwecja2001Rickard Froier
7%
Ukraina2013Volodymyr Vereduk
7%
Chiny2023Xiaoyang Zhou
7%
Gruzja2023Alan Gobozovi
0%
Rosja2001Aleksandr Belov
0%
Białoruś2003Aleksandr Svetlov
0%
Kazachstan2005Alexey Lepichin
0%
Ukraina2013, 2015Andriy Klymchuk
0%
USA2005Brian Welch
0%
Rumunia2003Csaba Magdo
0%
Słowacja2003Dusan Orsula
0%
Białoruś2001-2005Dzmitriy Afaniasenka
0%
Kanada2007Graeme Gorham
0%
Ukraina2003Igor Bojchuk
0%
Ukraina2001Ivan Kozlov
0%
Białoruś2003, 2005, 2009Ivan Sobolev
0%
Szwecja2001Jens Brannlund
0%
Holandia2001Jeroen Nikkel
0%
Szwecja2015Jonas Sandell
0%
Kazachstan2003Maksim Polunin
0%
Austria2001Markus Eigentler
0%
Słowacja2001Matej Uram
0%
Rumunia2007Mihai Damian
0%
Słowacja2001Miroslav Formanek
0%
Ukraina2005Mykola Kozlov
0%
Węgry2015Peter Kelemen
0%
Szwecja2015Simon Eklund
0%
Ukraina2015, 2017Stepan Pasinchyk
0%
Ukraina2007Volodymyr Trachuk
0%
Kazachstan2001Yuriy Rulev
0%

Rozkład punktacji

Percentyl według liczby udzielonych odpowiedzi

Procent ludzi z każdym wynikiem

Twoja historia wyników

Nie rozwiązałeś tego quizu